| 000 | 00371cam a22001097a 4500 | ||
|---|---|---|---|
| 008 | 180718b1954 xxu||||| |||| 00| 0 eng d | ||
| 082 | _aO096x54 In2/2 | ||
| 245 |
_aDetailed proceeding of the second meeting of the central council of health _cby Ministry of Health |
||
| 260 |
_aNew Delhi _bPresident's Press _c1954 |
||
| 300 | _aix, 164p | ||
| 700 | _aIndia. Ministry of Health | ||
| 999 |
_c495394 _d495394 |
||